Slévárenství pro střední průmyslové školy strojnické /

Uloženo v:
Podrobná bibliografie
Hlavní autor: Poul, Oldřich (Autor)
Médium: Kniha
Jazyk:čeština
Vydáno: Praha : SNTL - Státní nakladatelství technické literatury, 1966
Vydání:2. uprav. vyd.
Edice:Řada hutnické literatury
Témata:
On-line přístup: Získat plný text
Tagy: Přidat tag
Žádné tagy, Buďte první, kdo vytvoří štítek k tomuto záznamu!

MARC

LEADER 00000cam a2200000 4500
003 SK-BrCVT
005 20220621162720.0
008 070419s1966 cs e ||||||cze d
035 |a CVTIDW1408170 
040 |b slo  |a CVTI SR  |e AACR2 
041 0 |a cze 
044 |a cs 
080 |a 621.74  |2 UDC-MRF 
100 1 |a Poul, Oldřich  |4 aut 
245 1 0 |a Slévárenství pro střední průmyslové školy strojnické /  |c Oldřich Poul 
250 |a 2. uprav. vyd. 
260 |a Praha :  |b SNTL - Státní nakladatelství technické literatury,  |c 1966 
300 |a 67 s. :  |b lit., obr., tab. ; 
490 1 |a Řada hutnické literatury  |3 1204610 
653 1 |a zlievarenstvo 
760 1 |t Řada hutnické literatury 
910 |b A197750 
974 |f Knihy 
992 |a AUS 
999 |c 152029  |d 152029